Les Pokémon qui ont plus de 100 apparitions dans Pokémon: La Série - Statistiques

Statistiques générales
  • Ce quiz a été pris 188 fois
  • Le résultat moyen est 9 sur 25
Statistiques - réponses
Pokémon Nb % Correct
1 Pikachu 1250
100%
8 Dracaufeu 168
89%
2 Miaouss 1017
82%
7 Bulbizarre 176
71%
15 Carapuce 139
67%
3 Qulbutoké 707
55%
4 Togepi 234
48%
22 Smogogo 111
45%
14 Arbok 143
44%
23 Stari 110
41%
5 Tiplouf 202
39%
10 Évoli 157
35%
24 Papilusion 106
30%
6 Psykokwak 194
27%
12 Séviper 151
26%
13 Coupenotte 145
25%
17 Goupix d'Alola 124
21%
11 Dedenne 151
20%
25 Moustillon 103
19%
20 Mime Jr. 113
17%
19 Brindibou 117
16%
21 Cradopaud 112
14%
16 Togedemaru 135
9%
9 Motisma 157
7%
18 Mystherbe 118
3%
Aucun quiz correspondant
Distribution des résultats
% des personnes avec chaque résultat
Percentile par nombre de réponses
Votre historique - résultats
Vous n’avez pas pris ce quiz